Jana Šipošová: Logistika je úžasný marketingový nástroj

Rozhovor s Janou Šipošovou, vedúcou oddelenia distribúcie spoločnosti Rajo, o fungovaní logistiky v spoločnosti. Snaha o znižovanie nákladov a o optimalizáciu. Nevyhnutnosť flexibility. Využívanie viacúrovňovej logistiky. Čo je na distribúcii produktov najnáročnejšie.

Salvato in:
Dettagli Bibliografici
Autore principale: Brezovský, Jozef
Altri autori: Šipošová, Jana
Natura: Capitolo di libro
Lingua:slovacco
Soggetti:
Tags: Aggiungi Tag
Nessun Tag, puoi essere il primo ad aggiungerne!!

MARC

LEADER 00000naa a2200000 4500
001 0123457
005 20231011072411.3
041 0 |a slo 
044 |a CZ 
245 1 0 |a Jana Šipošová: Logistika je úžasný marketingový nástroj  |c Jozef Brezovský, Jana Šipošová 
520 |a Rozhovor s Janou Šipošovou, vedúcou oddelenia distribúcie spoločnosti Rajo, o fungovaní logistiky v spoločnosti. Snaha o znižovanie nákladov a o optimalizáciu. Nevyhnutnosť flexibility. Využívanie viacúrovňovej logistiky. Čo je na distribúcii produktov najnáročnejšie. 
610 2 0 |a distribúcia 
610 2 0 |a firmy 
610 2 0 |a logistika 
610 2 0 |a náklady 
610 2 0 |a optimalizácia 
610 2 0 |a potravinárstvo 
610 2 0 |a mlieko 
100 1 |a Brezovský, Jozef 
700 1 |a Šipošová, Jana